[Event "4NCL Division 3"]
[Site "Puma Hotel, Hinckley Island E"]
[Date "2013.05.05"]
[Round "10.77"]
[White "Grant, David J"]
[Black "Girdlestone, Paul C"]
[Result "1-0"]
[WhiteElo "2084"]
[BlackElo "2166"]
[PlyCount "59"]
[EventDate "2013.03.23"]
[Source "J.Saunders"]
[SourceDate "1998.06.06"]

1. e4 e5 2. Nf3 Nc6 3. Bb5 g6 4. c3 Bg7 5. d4 Qe7 6. O-O a6 7. Bxc6 dxc6 8.
Nxe5 Bxe5 9. dxe5 Qxe5 10. Be3 f6 11. Nd2 Be6 12. f4 Qb5 13. Nb3 Bc4 14. Rf2
Rd8 15. Nd4 Qa5 16. Qg4 f5 17. exf5 Nh6 18. Qg5 Nxf5 19. g4 Rg8 20. Rd2 Rd6 21.
Re1 h6 22. Nxf5 hxg5 23. Nxd6+ Kf8 24. Nxc4 Qxa2 25. Bc5+ Kg7 26. fxg5 Rf8 27.
Bxf8+ Kxf8 28. Rf2+ Kg8 29. Re8+ Kg7 30. Ne5 1-0

[Event "4NCL Division 3"]
[Site "Puma Hotel, Hinckley Island E"]
[Date "2013.05.05"]
[Round "10.78"]
[White "Padilla Cabero, Pablo"]
[Black "Howell, Chris I"]
[Result "1-0"]
[WhiteElo "2153"]
[BlackElo "2078"]
[PlyCount "57"]
[EventDate "2013.03.23"]
[Source "J.Saunders"]
[SourceDate "1998.06.06"]

1. e4 e6 2. d4 d5 3. e5 c5 4. c3 Nc6 5. Ne2 Bd7 6. g3 Qb6 7. Bh3 cxd4 8. cxd4
Bb4+ 9. Nbc3 Rc8 10. O-O Bxc3 11. bxc3 Na5 12. Re1 Ne7 13. Ba3 Nc4 14. Bc5 Qa6
15. Nf4 g6 16. Qg4 Rxc5 17. dxc5 Qa3 18. Nxd5 Nxd5 19. Qxc4 O-O 20. Bg2 Bc6 21.
Rec1 Qb2 22. Qb3 Qe2 23. c4 Ne7 24. Re1 Qg4 25. Bxc6 Nxc6 26. Qxb7 Nd4 27. Kg2
f5 28. exf6 Rxf6 29. Qe4 1-0

[Event "4NCL Division 3"]
[Site "Puma Hotel, Hinckley Island E"]
[Date "2013.05.05"]
[Round "10.79"]
[White "Cumming, Rhys"]
[Black "Richmond, Jane"]
[Result "0-1"]
[WhiteElo "2001"]
[BlackElo "2095"]
[PlyCount "78"]
[EventDate "2013.03.23"]
[Source "J.Saunders"]
[SourceDate "1998.06.06"]

1. e4 e5 2. Nf3 Nc6 3. Bb5 a6 4. Ba4 d6 5. Bxc6+ bxc6 6. d4 exd4 7. Qxd4 Ne7 8.
O-O Ng6 9. Re1 f6 10. Nc3 Qd7 11. Qc4 a5 12. Ne2 Ra6 13. Nfd4 Be7 14. Ng3 d5
15. Qe2 O-O 16. Ndf5 Re8 17. Bd2 Bf8 18. Bc3 c5 19. Qd2 dxe4 20. Bxa5 Qf7 21.
a3 Ne5 22. Bc3 Nc4 23. Qe2 g6 24. Ne3 Nd6 25. Ng4 Bg7 26. Bxf6 Bxg4 27. Qxa6
Bxf6 28. h3 Bc8 29. Qa7 Bd4 30. Re2 Bxb2 31. Rd1 Bd4 32. Nf1 Rf8 33. Ne3 Nf5
34. Nxf5 Bxf5 35. Rxd4 cxd4 36. Qxd4 Be6 37. Qxe4 Re8 38. Qe5 c6 39. Qe4 Kf8
0-1

[Event "4NCL Division 3"]
[Site "Puma Hotel, Hinckley Island E"]
[Date "2013.05.05"]
[Round "10.80"]
[White "Bourne, Johnathan D"]
[Black "Bucher, Grant W"]
[Result "0-1"]
[WhiteElo "2032"]
[BlackElo "2039"]
[PlyCount "120"]
[EventDate "2013.03.23"]
[Source "J.Saunders"]
[SourceDate "1998.06.06"]

1. d4 Nf6 2. Bg5 Ne4 3. Bf4 d5 4. f3 Nf6 5. e4 dxe4 6. Nc3 Nd5 7. Nxd5 Qxd5 8.
c4 Qa5+ 9. Bd2 Qb6 10. Qc2 Qxd4 11. O-O-O e3 12. Bc3 Qb6 13. Bd3 Nc6 14. Ne2
Bd7 15. a3 a5 16. Be4 Qc5 17. Rxd7 Kxd7 18. Rd1+ Kc8 19. Qd3 e6 20. Nd4 Ne5 21.
Qxe3 Nxc4 22. Qf4 Nd6 23. Nb3 Qb5 24. Nd4 Qc5 25. Nb3 Qb6 26. Bc2 Be7 27. Bxg7
Rg8 28. Bd4 Qxb3 29. Bxb3 Bg5 30. Qxg5 Rxg5 31. g4 a4 32. h4 Rb5 33. Bc2 h5 34.
Bc3 Kd7 35. Rd4 Rd5 36. Bxa4+ b5 37. Bd1 Rxd4 38. Bxd4 Ke7 39. g5 Nf5 40. Bf6+
Kd6 41. f4 Nxh4 42. Be5+ Kd7 43. Bxh5 Ng6 44. Bf6 Ra4 45. Bxg6 fxg6 46. Be5 c5
47. Kc2 Kc6 48. Kc3 Kd5 49. Kd3 Ra7 50. Bf6 Rh7 51. Be5 Rh3+ 52. Kc2 c4 53. Kd2
Ke4 54. Kc2 Rf3 55. Bc7 Rxf4 56. Bxf4 Kxf4 57. b3 cxb3+ 58. Kxb3 e5 59. Kb4 e4
60. Kxb5 e3 0-1

[Event "4NCL Division 3"]
[Site "Puma Hotel, Hinckley Island E"]
[Date "2013.05.05"]
[Round "10.85"]
[White "Jones, Christopher M"]
[Black "Onley, David E"]
[Result "1/2-1/2"]
[WhiteElo "2072"]
[BlackElo "2106"]
[PlyCount "105"]
[EventDate "2013.03.23"]
[Source "J.Saunders"]
[SourceDate "1998.06.06"]

1. e4 c5 2. Nc3 Nc6 3. f4 g6 4. Nf3 Bg7 5. Bc4 e6 6. O-O Nge7 7. d3 O-O 8. Qe1
Nd4 9. Nxd4 cxd4 10. Ne2 d5 11. Bb3 dxe4 12. dxe4 b5 13. Ng3 a5 14. a4 bxa4 15.
Bxa4 d3 16. cxd3 Qxd3 17. Kh1 Bb7 18. Ra3 Qc4 19. b3 Qb4 20. Ra2 Qxe1 21. Rxe1
Rfd8 22. Rc2 Rac8 23. Rxc8 Nxc8 24. Be3 Rd3 25. Bf2 h5 26. Nf1 Bc3 27. Rc1 Nd6
28. e5 Ne4 29. Kg1 Nxf2 30. Kxf2 Be4 31. Ke2 Bb4 32. Rc7 Rd8 33. g3 Bg2 34. Kf2
Be4 35. h3 Kf8 36. g4 h4 37. Rd7 Rxd7 38. Bxd7 Bc5+ 39. Ne3 Bxe3+ 40. Kxe3 Bg2
41. Bb5 Bxh3 42. Kf3 Ke7 43. Be2 f5 44. exf6+ Kxf6 45. Bc4 g5 46. fxg5+ Kxg5
47. Bxe6 Bf1 48. Bc4 a4 49. Be6 Bb5 50. bxa4 Bc6+ 51. Kf2 Kf4 52. g5 Kxg5 53.
Kg1 1/2-1/2

[Event "4NCL Division 3"]
[Site "Puma Hotel, Hinckley Island E"]
[Date "2013.05.05"]
[Round "10.86"]
[White "Brown, Alan M"]
[Black "Compton, Alistair"]
[Result "1/2-1/2"]
[WhiteElo "2122"]
[BlackElo "2081"]
[PlyCount "53"]
[EventDate "2013.03.23"]
[Source "J.Saunders"]
[SourceDate "1998.06.06"]

1. d4 d5 2. Nf3 e6 3. c4 c5 4. cxd5 exd5 5. g3 Nc6 6. Bg2 Nf6 7. O-O Be7 8. Nc3
O-O 9. b3 Re8 10. Bb2 Ne4 11. Rc1 cxd4 12. Nxd4 Nxd4 13. Qxd4 Bf6 14. Qd1 Nxc3
15. Bxc3 d4 16. Bb4 Bg4 17. Re1 Qd7 18. Qd2 Rad8 19. Bc5 Rc8 20. Ba3 Rxc1 21.
Bxc1 h6 22. Bb2 Bxe2 23. Rxe2 Rxe2 24. Qxe2 d3 25. Qd2 Bxb2 26. Qxb2 d2 27. Bf3
1/2-1/2

[Event "4NCL Division 3"]
[Site "Puma Hotel, Hinckley Island E"]
[Date "2013.05.05"]
[Round "10.87"]
[White "Piper, Stephen J"]
[Black "Tippleston, Charles E"]
[Result "1-0"]
[WhiteElo "2047"]
[BlackElo "2130"]
[PlyCount "65"]
[EventDate "2013.03.23"]
[Source "J.Saunders"]
[SourceDate "1998.06.06"]

1. Nf3 Nf6 2. c4 b6 3. Nc3 Bb7 4. d4 e6 5. a3 d5 6. e3 Be7 7. Be2 O-O 8. O-O
Nbd7 9. b3 Re8 10. Bb2 c6 11. Qc2 Rc8 12. Rac1 Bd6 13. e4 Nxe4 14. Nxe4 dxe4
15. Qxe4 Nf8 16. Rfe1 Be7 17. Ne5 Rc7 18. c5 b5 19. Bf3 Bf6 20. Bc3 Rc8 21. a4
Bxe5 22. dxe5 a6 23. Rcd1 Qe7 24. Rd6 Ng6 25. Red1 Nf8 26. h4 Rcd8 27. Qd4 Rxd6
28. exd6 e5 29. dxe7 exd4 30. Rxd4 Rxe7 31. Ba5 Ne6 32. Rd8+ Nf8 33. Bxc6 1-0

[Event "4NCL Division 3"]
[Site "Puma Hotel, Hinckley Island E"]
[Date "2013.05.05"]
[Round "10.88"]
[White "Habershon, Paul F"]
[Black "Gibson, Christopher A"]
[Result "1/2-1/2"]
[WhiteElo "2132"]
[BlackElo "1947"]
[PlyCount "67"]
[EventDate "2013.03.23"]
[Source "J.Saunders"]
[SourceDate "1998.06.06"]

1. e4 c5 2. Nc3 a6 3. a4 e6 4. g3 b6 5. Bg2 Bb7 6. Nge2 d6 7. O-O Nf6 8. d4
cxd4 9. Nxd4 Qc7 10. Be3 Be7 11. f4 Nbd7 12. Nb3 O-O 13. Qe2 Rac8 14. h3 Qb8
15. Kh2 Qa8 16. Bg1 Rc7 17. Rad1 Rfc8 18. Rfe1 h6 19. Rd2 Rc4 20. e5 Bxg2 21.
Qxg2 Qxg2+ 22. Kxg2 dxe5 23. fxe5 Nd5 24. Nxd5 exd5 25. c3 Nc5 26. Nxc5 Bxc5
27. Rxd5 Bxg1 28. Kxg1 Rxa4 29. e6 fxe6 30. Rxe6 b5 31. Rd7 Ra1+ 32. Kg2 Ra2
33. Ree7 Rxb2+ 34. Kg1 1/2-1/2

[Event "4NCL Division 3"]
[Site "Puma Hotel, Hinckley Island E"]
[Date "2013.05.05"]
[Round "10.89"]
[White "Jaszkiwskyj, Peter"]
[Black "Freeman, Richard CP"]
[Result "1-0"]
[WhiteElo "1979"]
[BlackElo "2027"]
[PlyCount "89"]
[EventDate "2013.03.23"]
[Source "J.Saunders"]
[SourceDate "1998.06.06"]

1. d4 g6 2. Nf3 Bg7 3. Bf4 d6 4. e3 Nd7 5. Bc4 e6 6. O-O Ne7 7. h3 b6 8. Ng5 d5
9. Qf3 O-O 10. h4 Nf6 11. Bd3 Ne8 12. Nd2 f6 13. Nh3 e5 14. Bh2 e4 15. Nxe4
dxe4 16. Bxe4 Rb8 17. h5 Nd6 18. hxg6 hxg6 19. Bd3 Qd7 20. Nf4 Ndf5 21. Bc4+
Kh7 22. Ne6 b5 23. Nxf8+ Bxf8 24. Bd3 Rb6 25. c3 Kg7 26. e4 Nd6 27. e5 fxe5 28.
Bxe5+ Kg8 29. Rae1 Qg4 30. Qxg4 Bxg4 31. Bc2 a6 32. Bb3+ Kh7 33. f3 Bf5 34. Kf2
g5 35. Bf6 Ng6 36. Rh1+ Nh4 37. Bxg5 Kg6 38. Bxh4 Nc4 39. Bg3 Nxb2 40. Re8 Nd3+
41. Ke2 Bg7 42. Re3 c5 43. dxc5 Nxc5 44. Be5 Bh6 45. f4 1-0

[Event "4NCL Division 3"]
[Site "Puma Hotel, Hinckley Island E"]
[Date "2013.05.05"]
[Round "10.90"]
[White "Smith, Graham M"]
[Black "Conterno, Dominique"]
[Result "1/2-1/2"]
[WhiteElo "2079"]
[BlackElo "1866"]
[PlyCount "76"]
[EventDate "2013.03.23"]
[Source "J.Saunders"]
[SourceDate "1998.06.06"]

1. Nf3 Nf6 2. c4 g6 3. g3 Bg7 4. Bg2 O-O 5. d4 d6 6. O-O Nbd7 7. Nc3 e5 8. e4
c6 9. h3 Qb6 10. d5 Nc5 11. Qe2 cxd5 12. cxd5 Bd7 13. Nd2 Na4 14. Re1 Nxc3 15.
bxc3 Bb5 16. c4 Ba6 17. Bf1 Rac8 18. Qf3 Qa5 19. Qa3 Qc7 20. c5 Bxf1 21. cxd6
Qd7 22. Nxf1 Qxh3 23. Qf3 Rfd8 24. Ba3 Ne8 25. Rac1 Nxd6 26. Rxc8 Qxc8 27. Rc1
Qd7 28. Ne3 h5 29. Bxd6 Qxd6 30. Nc4 Qc7 31. Rc2 b5 32. Na3 Qb7 33. Qb3 a6 34.
Nc4 Qd7 35. Na5 Bf8 36. Nc6 Re8 37. Qf3 Kg7 38. Kg2 Bd6 1/2-1/2

[Event "4NCL Division 3"]
[Site "Puma Hotel, Hinckley Island E"]
[Date "2013.05.05"]
[Round "10.95"]
[White "Wallace, Paul A"]
[Black "Dekker, Alain S"]
[Result "1-0"]
[WhiteElo "2192"]
[BlackElo "2097"]
[PlyCount "57"]
[EventDate "2013.03.23"]
[Source "J.Saunders"]
[SourceDate "1998.06.06"]

1. e4 c5 2. Nf3 d6 3. d4 cxd4 4. Nxd4 Nf6 5. Nc3 a6 6. Be3 e6 7. Qd2 Qc7 8.
O-O-O Nbd7 9. f3 Be7 10. g4 Ne5 11. g5 Nfd7 12. f4 Nc4 13. Qd3 Nxe3 14. Qxe3 h6
15. g6 Ne5 16. gxf7+ Kxf7 17. Rg1 Nc4 18. Qg3 Bf6 19. Bxc4 Qxc4 20. e5 dxe5 21.
Ne4 Qxa2 22. Nxf6 g5 23. fxg5 Qa1+ 24. Kd2 Qa5+ 25. Ke2 exd4 26. gxh6 Qb5+ 27.
Ke1 Qa5+ 28. c3 dxc3 29. Qg7# 1-0

[Event "4NCL Division 3"]
[Site "Puma Hotel, Hinckley Island E"]
[Date "2013.05.05"]
[Round "10.96"]
[White "Stille, Alexander M"]
[Black "Richardson, Alex"]
[Result "1/2-1/2"]
[WhiteElo "2071"]
[BlackElo "2119"]
[PlyCount "81"]
[EventDate "2013.03.23"]
[Source "J.Saunders"]
[SourceDate "1998.06.06"]

1. d4 Nf6 2. c4 e6 3. g3 c5 4. d5 exd5 5. cxd5 d6 6. Nc3 g6 7. Bg2 Bg7 8. Nf3
O-O 9. O-O Re8 10. Nd2 a6 11. a4 Nbd7 12. a5 Ne5 13. h3 g5 14. Nde4 Nxe4 15.
Nxe4 h6 16. f4 gxf4 17. Bxf4 f5 18. Nc3 Nc4 19. Rf3 b5 20. axb6 Qxb6 21. Qa4
Bd7 22. Qxc4 Bb5 23. Nxb5 axb5 24. Qc1 Rxa1 25. Qxa1 Rxe2 26. Qa8+ Kh7 27. Qc6
Qa5 28. Qxd6 Qa1+ 29. Bf1 Bd4+ 30. Kh1 Re1 31. Qxh6+ Kg8 32. Qg5+ Kh8 33. Qd8+
Kh7 34. Qd7+ Kg8 35. Qxb5 Qd1 36. Qd3 Qxd3 37. Rxd3 Rxf1+ 38. Kg2 Rf2+ 39. Kh1
Rf1+ 40. Kh2 Rf2+ 41. Kh1 1/2-1/2

[Event "4NCL Division 3"]
[Site "Puma Hotel, Hinckley Island E"]
[Date "2013.05.05"]
[Round "10.97"]
[White "Armstrong, Malcolm J"]
[Black "Bridge, Neil A"]
[Result "1/2-1/2"]
[WhiteElo "2032"]
[BlackElo "2068"]
[PlyCount "84"]
[EventDate "2013.03.23"]
[Source "J.Saunders"]
[SourceDate "1998.06.06"]

1. d4 Nf6 2. Nf3 e6 3. c4 b6 4. e3 Bb7 5. Bd3 d5 6. O-O Bd6 7. b3 O-O 8. Bb2
Nbd7 9. Nbd2 Ne4 10. Ne5 Bxe5 11. dxe5 Nxd2 12. Qxd2 dxc4 13. Bxc4 Nc5 14. Rfd1
Qh4 15. f3 Rfd8 16. Qf2 Qxf2+ 17. Kxf2 Ba6 18. Bd4 Bxc4 19. Bxc5 bxc5 20. bxc4
Kf8 21. Ke2 Rxd1 22. Kxd1 Rb8 23. Kc2 Rb4 24. Kc3 Ke7 25. a3 Rb8 26. Ra2 Kd7
27. Rd2+ Kc6 28. h4 Rb1 29. Rd8 Rc1+ 30. Kb3 Re1 31. e4 Re3+ 32. Kb2 Re2+ 33.
Kc3 Rxg2 34. Rf8 Rh2 35. Rxf7 Rxh4 36. Rxg7 Rf4 37. Rg3 Rh4 38. Rg2 Rh3 39. Rf2
Rg3 40. Kd3 Rg5 41. Rh2 h5 42. Ke3 Rg1 1/2-1/2

[Event "4NCL Division 3"]
[Site "Puma Hotel, Hinckley Island E"]
[Date "2013.05.05"]
[Round "10.100"]
[White "Head, Louise"]
[Black "Edwards, Simon R"]
[Result "1/2-1/2"]
[WhiteElo "1754"]
[BlackElo "1971"]
[PlyCount "28"]
[EventDate "2013.03.23"]
[Source "J.Saunders"]
[SourceDate "1998.06.06"]

1. d4 Nf6 2. c4 c5 3. d5 b5 4. cxb5 a6 5. Nc3 axb5 6. e4 b4 7. Nb5 d6 8. Bf4
Bd7 9. e5 dxe5 10. Bxe5 Bxb5 11. Bxb5+ Nbd7 12. d6 exd6 13. Bxd6 Bxd6 14. Qxd6
Qe7+ 1/2-1/2

[Event "4NCL Division 3"]
[Site "Puma Hotel, Hinckley Island E"]
[Date "2013.05.05"]
[Round "10.105"]
[White "Wall, Gavin"]
[Black "Nwachukwu, Chino"]
[Result "1-0"]
[WhiteElo "2340"]
[BlackElo "1952"]
[PlyCount "73"]
[EventDate "2013.03.23"]
[Source "J.Saunders"]
[SourceDate "1998.06.06"]

1. e4 c5 2. Nf3 d6 3. Bb5+ Nd7 4. d4 Ngf6 5. Nc3 cxd4 6. Qxd4 a6 7. Bxd7+ Bxd7
8. Bg5 e5 9. Qd3 Be6 10. O-O-O Qa5 11. Bxf6 gxf6 12. Kb1 Rc8 13. Nd5 f5 14.
exf5 Bxd5 15. Qxd5 Qxd5 16. Rxd5 h5 17. Re1 Ke7 18. Nd2 Kf6 19. Ne4+ Kxf5 20.
Nxd6+ Bxd6 21. Rxd6 Rc7 22. h4 Rg8 23. g3 f6 24. c3 Rf7 25. Kc2 Re8 26. Kd3 Kg4
27. Ke3 Rg8 28. c4 Kf5 29. Red1 Rg4 30. b3 b5 31. c5 Rc7 32. Rc1 a5 33. c6 a4
34. Rd7 Rc8 35. c7 axb3 36. axb3 Rgg8 37. Rd8 1-0

[Event "4NCL Division 3"]
[Site "Puma Hotel, Hinckley Island E"]
[Date "2013.05.05"]
[Round "10.106"]
[White "Milson, Samuel A"]
[Black "Osborne, Marcus E"]
[Result "1/2-1/2"]
[WhiteElo "1996"]
[BlackElo "2263"]
[PlyCount "145"]
[EventDate "2013.03.23"]
[Source "J.Saunders"]
[SourceDate "1998.06.06"]

1. e4 e6 2. d4 d5 3. Nd2 c5 4. Ngf3 cxd4 5. exd5 Qxd5 6. Bc4 Qd7 7. O-O Nc6 8.
Nb3 Nf6 9. Nfxd4 a6 10. a4 Nxd4 11. Nxd4 Bd6 12. Be2 Qc7 13. h3 e5 14. Nb3 Be6
15. c3 h6 16. Qc2 Bd5 17. Be3 b6 18. Rfd1 Qc6 19. f3 O-O 20. c4 Rad8 21. Qc3
Be6 22. c5 Nd5 23. Qc1 Nxe3 24. Qxe3 bxc5 25. Na5 Qc8 26. Nc4 Bb8 27. Nxe5
Rxd1+ 28. Bxd1 Re8 29. Rc1 f6 30. Nd3 Bc4 31. Qxc5 Re1+ 32. Kf2 Rf1+ 33. Ke3
Qe8+ 34. Kd2 Be6 35. Bc2 Rxc1 36. Kxc1 Qd7 37. Qb6 Qc8 38. Nc5 Bf4+ 39. Kb1 Bf5
40. Bxf5 Qxf5+ 41. Ka2 Kh7 42. Nxa6 Qc2 43. Qb4 Qc1 44. Nc5 Bd6 45. Nd3 Qc7 46.
Qe4+ Kh8 47. Qd5 Bh2 48. h4 Qc2 49. Qa8+ Kh7 50. Qe4+ Kh8 51. a5 Qxg2 52. a6
Qd2 53. Qd5 Bg1 54. Ka3 Qc2 55. h5 Qc7 56. Qb5 Qd6+ 57. b4 Ba7 58. Nc5 Qe5 59.
Qd7 Bxc5 60. Qc8+ Kh7 61. bxc5 Qd4 62. Qc6 f5 63. Qb6 Qc3+ 64. Ka4 Qc4+ 65. Ka5
Qa2+ 66. Kb4 Qd2+ 67. Kc4 Qe2+ 68. Kd4 Qxf3 69. Qg6+ Kh8 70. Qe8+ Kh7 71. a7
Qf2+ 72. Kd3 Qf1+ 73. Kd4 1/2-1/2

[Event "4NCL Division 3"]
[Site "Puma Hotel, Hinckley Island E"]
[Date "2013.05.05"]
[Round "10.108"]
[White "Truman, Richard G"]
[Black "Lalic, Peter D"]
[Result "0-1"]
[WhiteElo "1916"]
[BlackElo "2130"]
[PlyCount "76"]
[EventDate "2013.03.23"]
[Source "J.Saunders"]
[SourceDate "1998.06.06"]

1. d4 Nf6 2. c4 c5 3. d5 b5 4. Nf3 g6 5. cxb5 a6 6. b6 Bg7 7. Nc3 Qxb6 8. e4 d6
9. Be2 O-O 10. O-O Qc7 11. a4 Nbd7 12. Nd2 Rb8 13. a5 Ne8 14. Nc4 e5 15. Qc2 f5
16. f3 f4 17. Na4 Qd8 18. Bd2 Rf6 19. Nab6 Bb7 20. Qa4 Nf8 21. b4 cxb4 22. Nb2
g5 23. Nd3 Rh6 24. Nxb4 Nf6 25. Ra3 g4 26. Nxa6 Rxh2 27. fxg4 Bxa6 28. Bxa6
Nxg4 29. Rh3 Rxh3 30. gxh3 Ne3 31. Bxe3 fxe3 32. Qb3 Qg5+ 33. Kh2 Ng6 34. Be2
Bh6 35. Rg1 Qf4+ 36. Rg3 Qf2+ 37. Rg2 Bf4+ 38. Kh1 Qe1+ 0-1

[Event "4NCL Division 3"]
[Site "Puma Hotel, Hinckley Island E"]
[Date "2013.05.05"]
[Round "10.109"]
[White "Sarakauskiene, Zivile"]
[Black "Judkins, Brian D"]
[Result "1-0"]
[WhiteElo "2189"]
[BlackElo "1854"]
[PlyCount "49"]
[EventDate "2013.03.23"]
[Source "J.Saunders"]
[SourceDate "1998.06.06"]

1. e4 e5 2. Nf3 Nf6 3. Nxe5 d6 4. Nf3 Nxe4 5. d4 d5 6. Bd3 Be7 7. O-O Nc6 8. c4
Nf6 9. cxd5 Nxd5 10. Nc3 Bg4 11. h3 Bh5 12. Bc4 Nxc3 13. bxc3 O-O 14. Bf4 Bd6
15. Bxd6 Qxd6 16. Rb1 b6 17. Rb5 Bg6 18. Nh4 Rad8 19. Qf3 Qf6 20. Qxf6 gxf6 21.
f4 f5 22. Re1 Rfe8 23. Rbb1 Kg7 24. Rxe8 Rxe8 25. Bb5 1-0

[Event "4NCL Division 3"]
[Site "Puma Hotel, Hinckley Island E"]
[Date "2013.05.05"]
[Round "10.110"]
[White "Hewitt, Sean D"]
[Black "Foster, James C"]
[Result "1-0"]
[WhiteElo "1831"]
[BlackElo "2039"]
[PlyCount "119"]
[EventDate "2013.03.23"]
[Source "J.Saunders"]
[SourceDate "1998.06.06"]

1. d4 Nf6 2. c4 d6 3. Nc3 c6 4. e4 Nbd7 5. Nf3 e5 6. Be2 Be7 7. O-O O-O 8. Qc2
a6 9. Rd1 Qc7 10. Bg5 Re8 11. Rac1 Nf8 12. d5 c5 13. Nh4 h6 14. Bd2 N6h7 15.
Nf5 Bg5 16. Bxg5 hxg5 17. h3 Bxf5 18. exf5 $11 Nf6 19. Ne4 Nxe4 20. Qxe4 Qe7
21. Rc3 Nh7 22. Rg3 Reb8 23. a4 Kf8 24. Rc1 Qf6 25. Rcc3 Qh6 26. Rb3 b6 27. Qe3
Qf6 28. Qf3 Ke7 29. Qe4 Qh6 30. Qe3 Kf6 31. Rg4 Rb7 32. Qd2 a5 33. h4 Rh8 34.
Rh3 gxh4 35. Qxh6+ gxh6 36. Rgxh4 Ng5 37. Rxh6+ Rxh6 38. Rxh6+ Kxf5 39. Rxd6
Ke4 40. Rc6 f5 41. Rg6 Nf7 42. Rf6 f4 43. Bg4 Nd8 44. d6 Kd3 45. Rf8 Rb8 46.
Re8 Kxc4 47. Rxe5 Kb3 48. Re4 Kxb2 49. Rxf4 Kb3 50. Bd1+ Kc3 51. Re4 Nf7 52. d7
Rd8 53. Re7 Nd6 54. Re3+ Kd2 55. Bg4 c4 56. Re6 Nb7 57. Rxb6 c3 58. Bf5 Nc5 59.
Rd6+ Kc1 60. Rc6 1-0

[Event "4NCL Division 3"]
[Site "Puma Hotel, Hinckley Island E"]
[Date "2013.05.05"]
[Round "10.115"]
[White "Hoffmann, Hendrik"]
[Black "Clark, Robert G"]
[Result "1-0"]
[WhiteElo "2279"]
[BlackElo "2017"]
[PlyCount "153"]
[EventDate "2013.03.23"]
[Source "J.Saunders"]
[SourceDate "1998.06.06"]

1. e4 e6 2. d4 d5 3. Nc3 Bb4 4. exd5 exd5 5. Bd3 Nf6 6. Nge2 O-O 7. O-O Bg4 8.
f3 Bh5 9. Nf4 Bg6 10. Nxg6 hxg6 11. Ne2 c6 12. c3 Bd6 13. Bf4 Bxf4 14. Nxf4 Qc7
15. Qd2 Nbd7 16. Rae1 Rfe8 17. Bb1 Rxe1 18. Rxe1 Re8 19. Rxe8+ Nxe8 20. Nd3 Qd6
21. Qe3 Nc7 22. Qf4 Qxf4 23. Nxf4 Kf8 24. Kf2 Ke7 25. Ke3 Nb5 26. Bd3 Nd6 27.
b3 Nb6 28. Nh3 a6 29. Nf2 Ke6 30. Ng4 Nd7 31. Kf4 Nb5 32. Bxb5 axb5 33. Nf2 Kf6
34. Nd3 Ke6 35. h4 Kf6 36. g4 Ke6 37. Ke3 Kd6 38. Kf4 Ke6 39. Kg5 b6 40. Kf4 f6
41. Ke3 Kd6 42. Nf4 Nf8 43. Ne2 Ke6 44. Ng3 f5 45. Ne2 Kf6 46. g5+ Ke6 47. Nf4+
Kd6 48. Nd3 Nd7 49. Kf4 Nf8 50. Ne5 Ne6+ 51. Ke3 Nf8 52. Kd3 c5 53. b4 c4+ 54.
Ke3 Kc7 55. Kf4 Ne6+ 56. Ke3 Nf8 57. f4 Kd6 58. Nf3 Ne6 59. h5 gxh5 60. Nh4 Kd7
61. Nxf5 g6 62. Nh4 Nf8 63. f5 gxf5 64. g6 Ne6 65. Nxf5 Ke8 66. Nd6+ Ke7 67.
Nxb5 Kf6 68. a4 Nf8 69. a5 bxa5 70. bxa5 Nd7 71. a6 Nb6 72. Nc7 Kxg6 73. a7 Kf5
74. a8=Q Nxa8 75. Nxa8 Kg4 76. Nc7 h4 77. Kf2 1-0

[Event "4NCL Division 3"]
[Site "Puma Hotel, Hinckley Island E"]
[Date "2013.05.05"]
[Round "10.116"]
[White "Turner, John M"]
[Black "Pedersen, Carsten"]
[Result "0-1"]
[WhiteElo "2024"]
[BlackElo "2134"]
[PlyCount "48"]
[EventDate "2013.03.23"]
[Source "J.Saunders"]
[SourceDate "1998.06.06"]

1. e4 e6 2. d4 d5 3. Nd2 Nf6 4. Bd3 c5 5. e5 Nfd7 6. c3 Nc6 7. Ne2 cxd4 8. cxd4
f6 9. exf6 Nxf6 10. O-O Bd6 11. Nf3 Qc7 12. g3 O-O 13. Bf4 a6 14. Rc1 Nh5 15.
Ne5 Nxf4 16. Nxf4 Bxe5 17. dxe5 Qxe5 18. Re1 Qf6 19. Bb1 Nd4 20. Qd3 h6 21.
Red1 e5 22. Nxd5 Qxf2+ 23. Kh1 Bh3 24. Ne3 Qf3+ 0-1

[Event "4NCL Division 3"]
[Site "Puma Hotel, Hinckley Island E"]
[Date "2013.05.05"]
[Round "10.117"]
[White "Quinn, John M"]
[Black "Bennett, Patrick J"]
[Result "1/2-1/2"]
[WhiteElo "2104"]
[BlackElo "2020"]
[PlyCount "85"]
[EventDate "2013.03.23"]
[Source "J.Saunders"]
[SourceDate "1998.06.06"]

1. d4 Nf6 2. c4 g6 3. Nc3 Bg7 4. e4 d6 5. Nf3 Nbd7 6. h3 e5 7. d5 O-O 8. Bg5 h6
9. Be3 a5 10. g4 Nc5 11. Nd2 Bd7 12. Be2 Kh7 13. h4 Qc8 14. Rg1 Ne8 15. Qc2 b6
16. O-O-O Nf6 17. g5 Ng4 18. Bxg4 Bxg4 19. f3 Bh5 20. gxh6 Bxh6 21. Bxh6 Kxh6
22. Rg3 Qd8 23. Rh1 Qf6 24. Ne2 Rfb8 25. Qc3 b5 26. Qe3+ Kh7 27. Rg5 bxc4 28.
Nxc4 Qxf3 29. Ng3 Nd3+ 30. Kd2 Nxb2 31. Rxh5+ Qxh5 32. Nxb2 Rxb2+ 33. Kc1 Rab8
34. Nxh5 Rb1+ 35. Kc2 Rxh1 36. Nf6+ Kg7 37. Ng4 Rxh4 38. Qg5 Rh5 39. Qe7 Rb5
40. Qf6+ Kf8 41. Qd8+ Kg7 42. Qf6+ Kf8 43. Qd8+ 1/2-1/2

[Event "4NCL Division 3"]
[Site "Puma Hotel, Hinckley Island E"]
[Date "2013.05.05"]
[Round "10.119"]
[White "Friar, Jim A"]
[Black "Doran, Chris"]
[Result "0-1"]
[WhiteElo "1915"]
[BlackElo "1986"]
[PlyCount "102"]
[EventDate "2013.03.23"]
[Source "J.Saunders"]
[SourceDate "1998.06.06"]

1. Nf3 Nf6 2. b3 g6 3. Bb2 Bg7 4. e3 c5 5. c4 O-O 6. Be2 Nc6 7. O-O b6 8. d4
cxd4 9. Nxd4 Bb7 10. Bf3 Qc7 11. Nc3 Ne5 12. Bxb7 Qxb7 13. f4 Nc6 14. Qf3 Rfd8
15. f5 Na5 16. Nd5 Nxd5 17. cxd5 Rf8 18. Rac1 Rac8 19. Rxc8 Qxc8 20. Ba3 d6 21.
Qe4 Qd7 22. Bb4 Nb7 23. Nc6 Bf6 24. fxg6 hxg6 25. Qc4 Nc5 26. Bd2 a5 27. e4 Kg7
28. Re1 Rh8 29. Nd4 Qg4 30. Nf3 Qh5 31. Bc3 Bxc3 32. Qxc3+ f6 33. a3 g5 34. g3
Qh3 35. Qe3 Nd7 36. Qf2 Nc5 37. Nd4 Nd3 38. Ne6+ Qxe6 39. dxe6 Nxf2 40. Kxf2
Rxh2+ 41. Kf3 Rc2 42. g4 Rc5 43. b4 axb4 44. axb4 Rb5 45. Rb1 d5 46. Ke3 dxe4
47. Rc1 f5 48. gxf5 Kf6 49. Kxe4 Rxb4+ 50. Kd5 Rb5+ 51. Ke4 Rxf5 0-1

[Event "4NCL Division 3"]
[Site "Puma Hotel, Hinckley Island E"]
[Date "2013.05.05"]
[Round "10.125"]
[White "Hall, John"]
[Black "Mercs, Peter J"]
[Result "1-0"]
[WhiteElo "2255"]
[BlackElo "2084"]
[PlyCount "45"]
[EventDate "2013.03.23"]
[Source "J.Saunders"]
[SourceDate "1998.06.06"]

1. e4 c5 2. Nf3 d6 3. d4 cxd4 4. Nxd4 Nf6 5. Nc3 Nc6 6. Bc4 Qb6 7. Nb3 a6 8.
O-O e6 9. Be3 Qc7 10. f4 Be7 11. Qf3 O-O 12. Bd3 Re8 13. Kh1 Bf8 14. Qg3 Nh5
15. Qh3 g6 16. f5 Nb4 17. Nd4 d5 18. fxe6 fxe6 19. exd5 exd5 20. Qf3 Be6 21.
Nxe6 Rxe6 22. Nxd5 Nxd5 23. Qxd5 1-0

[Event "4NCL Division 3"]
[Site "Puma Hotel, Hinckley Island E"]
[Date "2013.05.05"]
[Round "10.126"]
[White "Walker, Andrew N"]
[Black "Mauwa, Tedmore"]
[Result "1-0"]
[WhiteElo "2096"]
[BlackElo "2190"]
[PlyCount "79"]
[EventDate "2013.03.23"]
[Source "J.Saunders"]
[SourceDate "1998.06.06"]

1. e4 c5 2. Nc3 Nc6 3. g3 g6 4. Bg2 Bg7 5. d3 e6 6. Be3 b6 7. Qd2 a6 8. Nge2
Bb7 9. O-O Nd4 10. Nd1 Ne7 11. Nf4 O-O 12. Nh3 f5 13. c3 Nb5 14. Bh6 Nc7 15.
Bxg7 Kxg7 16. f4 d5 17. e5 Qd7 18. Ne3 Bc6 19. d4 a5 20. Bf3 a4 21. g4 Ra7 22.
Rf2 Na6 23. Rg2 Rc7 24. Qf2 Bb5 25. Qh4 Bd3 26. Rd1 cxd4 27. cxd4 Be4 28. Ng5
h6 29. Nxe4 dxe4 30. Be2 Nb4 31. gxf5 Nxf5 32. Nxf5+ exf5 33. Qg3 Qe6 34. d5
Qf7 35. e6 Qf6 36. d6 Rc6 37. e7 Rg8 38. Bh5 Kh8 39. Qxg6 Rxg6 40. e8=Q+ 1-0